Bruxelles - Choix Multiples - Statistiques

Statistiques générales
  • Ce quiz a été pris 2 028 fois
    1 971 depuis la dernière actualisation
  • Le résultat moyen est 6 sur 10
Statistiques - réponses
Question Réponse % Correct
Créée en 1958 pour une exposition universelle, quelle structure bruxelloise est devenue un symbole architectural de la ville ? Atomium
90%
Quel peinte surréaliste vécut à plusieurs reprises à Bruxelles et y a aujourd'hui son plus célèbre musée, dans le palais du Coudenberg ? René Magritte
78%
Quel personnage de bande dessinée ne peut-on pas trouver sur les murs du Parcours BD de Bruxelles ? Le Pingouin
68%
Laquelle de ces images représente la Grand Place, place centrale de Bruxelles ?
62%
Laquelle de ces communes ne fait pas partie de Bruxelles-Capitale ? La Louvière
57%
Quel cours d’eau traverse la ville de Bruxelles ? La Senne
57%
Quel est le nom de Bruxelles en néerlandais ? Brussel
53%
De quelle entité politique Bruxelles n'est-elle PAS la capitale ? La Wallonie
53%
Quel bâtiment de Bruxelles, célèbre pour sa coupole, est en travaux depuis plus de 40 ans ? Palais de Justice
50%
Quelle organisation internationale a son siège principal à Bruxelles ? OTAN
44%
Aucun quiz correspondant
Distribution des résultats
% des personnes avec chaque résultat
Percentile par nombre de réponses
Votre historique - résultats
Vous n’avez pas pris ce quiz depuis la dernière actualisation